| 000 | 00594nam a22001937a 4500 | ||
|---|---|---|---|
| 003 | 0 | ||
| 005 | 20230918112718.0 | ||
| 008 | 230918b xxu||||| |||| 00| 0 eng d | ||
| 020 | _a978-1-77469-136-6 | ||
| 050 |
_aQA 76.9 _b.D377 2022 |
||
| 100 | _aDe Luna, Alvin Albuero | ||
| 245 |
_aEssentials of user interface design _cAlvin De Luna Albuero |
||
| 260 |
_aCanada _bArcler Press _cc2022. |
||
| 300 |
_axviii, 233 pages ; _c24 cm. |
||
| 500 | _aUser interface design. | ||
| 504 | _aIncludes bibliographical references and index. | ||
| 650 | _aUser interface design. | ||
| 942 |
_2lcc _cBK |
||
| 999 |
_c365311 _d365311 |
||